[Event "SRB-chT 1st League Men 2018"]
[Site "Valjevo"]
[Date "2018.09.04"]
[Round "5"]
[White "Popovic, Nenad"]
[Black "Maksimovic, Branimir"]
[Result "1/2-1/2"]
[WhiteElo "2238"]
[BlackElo "2306"]
[Annotator "TA"]
[PlyCount "120"]
[EventDate "2018.08.31"]
[EventType "team-tourn"]
[EventCountry "SRB"]
[SourceTitle "playchess.com"]
[Source "ChessBase"]
[SourceQuality "1"]

{[%evp 27,120,-19,-1,-59,-49,-47,-49,-36,-43,-104,-102,-101,-91,-120,-118,-111,-113,-105,-111,-96,-109,-116,-88,-72,-40,-274,-170,-272,-274,-264,-269,-261,0,0,0,-238,-217,-216,-261,-370,-137,-150,-154,-1526,-1412,-1186,-391,-382,-368,-368,-365,-621,-203,-211,-2,-206,-204,-183,63,42,50,0,0,0,0,0,0,0,0,0,0,0,22,16,22,18,23,-2,-5,-22,-15,-198,-168,-277,-258,-254,-230,-268,-237,-222,-180,-158,0,-205,0]} 1. c4 e5 2. Nc3 Nf6 3. g3 d5 4. cxd5 Nxd5 5. Bg2 Nb6 6. Nf3 Nc6 7. d3 Be7 8. O-O O-O 9. a3 Be6 10. b4 a5 11. b5 Nd4 12. Nxd4 exd4 13. Na4 {A29: English Opening: Four Knights Variation with 4 g3} Bd5 14. Nxb6 cxb6 {LiveBook: 15 Games} 15. Qa4 (15. Bxd5 $11 Qxd5 16. a4) 15... Bxg2 16. Kxg2 Qd5+ 17. Kg1 Bc5 {[#]} 18. Rb1 $146 (18. Qc4 $15 Qh5 19. Ra2) ({Predecessor:} 18. Qc4 Qh5 19. Ra2 Rae8 20. Re1 Re6 21. e4 dxe3 22. fxe3 {½-½ (30) Plat,V (2556)-Babula,V (2556) Prague 2018}) 18... Rfe8 $17 19. Rb2 Re6 20. f3 Rae8 21. Rf2 h5 {[%cal Bh7h5,Bh5h4,Bh4h3][%mdl 32]} 22. Rc2 {[#]} h4 $1 {[%mdl 512]} 23. Rg2 (23. gxh4 Rg6+) 23... Rg6 24. g4 h3 25. Rg3 Rge6 26. Kf2 $2 (26. Kf1 $15) 26... Qd7 $36 {[%mdl 2048] White must now prevent ...Qe7. Black is really pushing.} 27. Qc4 (27. Ra2 {was necessary.}) 27... Qe7 $1 $19 {[%csl LRa3,LRe2][%cal Re6e2]} 28. Qa2 Qh4 29. Qd5 Qe7 $2 (29... Bd6 $19 30. f4 g5 $1 {[%mdl 512]}) 30. Qa2 $11 Qh4 $2 (30... Bd6 $11 31. Rxh3 a4) 31. Qd5 $1 $19 Bd6 32. f4 Qe7 $1 {[%cal Re6e2]} 33. Qa2 {[#]} (33. Qf3 $142 Bxa3 34. Bxa3 Qxa3 35. Qxb7) 33... Qf6 $2 (33... Bxf4 $1 $19 {[%mdl 512]} 34. Bxf4 Rf6) 34. g5 $17 Qf5 35. Kf1 $2 (35. Rf3 $17) 35... Bxf4 $19 36. Rf3 Qg4 $2 (36... Qxg5 {( -> ...Qg2+)} 37. Rg3 Qh4 38. Bxf4 Qxf4+ 39. Kg1 Re3) 37. Rxf4 Qg2+ 38. Ke1 {And now e4 would win.} Qxh2 39. e4 $2 (39. g6 Qg1+ 40. Rf1 Qxg6 41. Bf4) 39... Qg3+ $2 (39... Qg1+ 40. Rf1 Qg3+ 41. Rcf2 Qxd3) 40. Kf1 {[#]} Qxd3+ $2 ({Black should play} 40... a4 $1 $19 41. Re2 Rc8) 41. Kg1 $2 (41. Kf2 $1 $11 h2 42. Kg2) 41... Qg3+ {[%mdl 1024] Black has strong compensation.} ({Don't take} 41... Qxb5 42. Rf3 $17) 42. Kh1 Qe1+ $2 (42... d3 $19 43. Rc4 Qxg5) 43. Kh2 $14 d3 44. Rc7 Qe2+ 45. Rf2 Qxa2 46. Rxa2 {Threatens to win with Rd2.} Rxe4 47. Kxh3 Re2 48. Bd2 R8e5 49. Rd7 Rxb5 50. Rxd3 Rxg5 {Strongly threatening ...Rgg2.} 51. Rc2 Rc5 52. Rb2 Rh5+ 53. Kg4 Rhh2 54. Rd8+ $2 (54. Rc2 $1 $11 {and White stays safe.}) 54... Kh7 $19 55. Kg3 (55. Rd3 {keeps fighting.}) 55... f6 56. Rd7 Kg6 57. Kf3 Rhf2+ 58. Kg3 Rg2+ 59. Kf3 Rgf2+ 60. Kg3 {[#]} Rg2+ $2 {Precision: White = 34%, Black = 50%.} (60... b5 $1 $19 {[%mdl 512]} 61. Kg4 (61. Rxb5 Rxd2) 61... Rg2+ 62. Kf4 Kh5) 1/2-1/2

[Event "SRB-chT 1st League Men 2018"]
[Site "Valjevo"]
[Date "2018.09.05"]
[Round "6"]
[White "Kuzubov, Yuriy"]
[Black "Berkes, Ferenc"]
[Result "1/2-1/2"]
[WhiteElo "2652"]
[BlackElo "2678"]
[Annotator "TA"]
[PlyCount "26"]
[EventDate "2018.08.31"]
[EventType "team-tourn"]
[EventCountry "SRB"]
[SourceTitle "playchess.com"]
[Source "ChessBase"]
[SourceQuality "1"]

{[%evp 21,26,24,7,14,14,16,8]} 1. d4 d5 2. c4 e6 3. Nc3 Be7 4. cxd5 exd5 5. Bf4 Nf6 6. e3 O-O 7. Bd3 c5 8. dxc5 Bxc5 9. Nge2 Nc6 10. O-O {D35: Damengambit (Abtauschvariante)} d4 11. exd4 Nxd4 {LiveBook: 18 Partien} 12. Be5 $146 {[#] Schwarz muss nun Sxd4 beachten.} ({Vorgänger:} 12. Na4 Nxe2+ 13. Bxe2 Nd5 14. Be5 Be7 15. Qd4 Bf6 16. Bf3 Re8 17. Bxf6 Nxf6 {½-½ (57) Kuzubov,Y (2640)-Kravtsiv,M (2623) Lvov 2015}) 12... Nc6 13. Bxf6 Qxf6 1/2-1/2

[Event "SRB-chT 1st League Men 2018"]
[Site "Valjevo"]
[Date "2018.09.05"]
[Round "6"]
[White "Yilmaz, Mustafa"]
[Black "Ivanisevic, Ivan"]
[Result "0-1"]
[WhiteElo "2633"]
[BlackElo "2578"]
[Annotator "TA"]
[PlyCount "118"]
[EventDate "2018.08.31"]
[EventType "team-tourn"]
[EventCountry "SRB"]
[SourceTitle "playchess.com"]
[Source "ChessBase"]
[SourceQuality "1"]

{[%evp 12,118,57,39,62,58,61,50,54,55,49,41,110,56,87,56,59,33,28,19,27,31,320,32,27,20,13,15,33,41,38,-42,34,25,31,10,13,45,40,14,25,8,0,-125,-13,-26,16,23,10,14,7,-164,-137,-283,-283,-283,-283,-283,-283,-283,-283,-283,-276,-264,-261,-261,-254,-322,-314,-474,-460,-669,-670,-668,-640,-588,-302,-1580,-684,-1581,-1074,-1061,-1029,-1039,-648,-633,-628,-586,-580,-550,-483,-459,-395,-2162,-2332,-2332,-2270,-2021,-2043,-2254,-2178,-1891,-1934,-1481,-859,-1837,-1875,-1518,-1419]} 1. d4 Nf6 2. c4 e6 3. Nf3 c5 4. d5 d6 5. Nc3 exd5 6. cxd5 g6 7. Bf4 {LiveBook: 2026 Games} Nbd7 {[%cal Bb8d7,Bd7f6,Bf6g4][%mdl 32] A61: Modern Benoni: Nf3 without early e4} (7... Bg7 8. e3 O-O 9. h3 Qe7 10. Nd2 Nh5 11. Bh2 f5 12. Be2 f4 13. O-O fxe3 14. Nde4 exf2+ 15. Kh1 Bxc3 16. Nxc3 {0-1 (49) Xiong,J (2665)-Caruana,F (2804) Saint Louis 2018}) 8. a4 $146 ({Predecessor:} 8. h3 a6 9. a4 Qe7 10. Nd2 Ne5 11. e4 Nfd7 12. Be2 Bg7 13. Bg3 g5 {½-½ (22) Stern,R (2504)-Foisor,O (2397) Guben 2011}) 8... Nh5 9. Bg5 Be7 {White is slightly better.} 10. Bh6 Bf6 11. Ne4 Qe7 ({Black should play} 11... Be7 $14) 12. Nxf6+ ({White should try} 12. Ra3 $1 $16) 12... Ndxf6 13. Ra3 Ng4 14. Bd2 O-O 15. h3 Ne5 $1 16. g4 Nxf3+ 17. Rxf3 Ng7 $1 18. Bg2 f5 19. Rg3 Bd7 20. O-O Rae8 21. Re1 (21. Bf3 $14) 21... Qf6 (21... fxg4 $15 22. hxg4 Qf6) 22. Bc3 $14 Qh4 {[%cal Rf5g4]} 23. e4 fxg4 24. hxg4 Rf4 {[%cal Rd7g4]} 25. Bf3 Ref8 26. Re3 R8f7 27. b3 {[#]} (27. Qe2 $11 {remains equal.}) 27... Ne8 (27... h5 $1 $17 {[%cal Rh5g4][%mdl 512]} 28. g5 (28. gxh5 Nxh5 29. Rxg6+ Kh7 $17) 28... Bg4) 28. e5 $11 dxe5 (28... Rxf3 $5 29. e6 Rxe3 30. exf7+ Kxf7 31. Rxe3 Qxg4+ 32. Qxg4 Bxg4 $11) 29. Bxe5 Rxf3 $1 30. Rgxf3 ({Much worse is} 30. Rexf3 Bxg4 31. Qd3 Bxf3 $17) 30... Qxg4+ ({Much weaker is} 30... Bxg4 $6 31. Bg3 $16) 31. Kf1 $2 (31. Bg3 $1 $11 {and White stays safe.}) 31... Qh5 $19 {Hoping for ...Bg4.} 32. Bb8 {[#]} (32. Bb2 $17) 32... Qh1+ $1 33. Ke2 Qxd1+ 34. Kxd1 {Rxf7 is the strong threat.} Rxf3 35. Rxf3 {[%mdl 4096] Endgame And now Re3 would win. KRB-KBN} Bg4 36. Ke2 a6 37. Ke3 {Threatens to win with Rf4.} Bxf3 38. Kxf3 {KB-KN} Nf6 39. Kf4 Kf7 ({Don't play} 39... Nxd5+ 40. Ke5 $19) 40. Bd6 (40. Ba7 $142) 40... Nxd5+ 41. Kg5 {[#]} (41. Ke4 $142 Nf6+ 42. Kd3) 41... c4 $1 42. bxc4 Nb6 43. a5 Nxc4 44. Bc7 $2 (44. Bb4) 44... h5 (44... Ke6 $142 45. Kh6 Kd7) 45. Kf4 Kf6 46. Bd8+ Ke6 47. Kg5 Ne5 48. Bc7 Nf3+ 49. Kf4 Nd4 50. Bb6 Nf5 51. Kg5 h4 52. Bc7 $2 (52. Kg4 g5 53. f4) 52... h3 {Black is clearly winning.} 53. Kg4 {[#]} Nd6 $1 54. Kxh3 Kd7 55. Bb8 Nc4 56. Kg4 Nxa5 57. Kg5 Nc6 58. Bg3 Ne7 59. Kf6 a5 {Precision: White = 43%, Black = 71%.} 0-1

[Event "SRB-chT 1st League Men 2018"]
[Site "Valjevo"]
[Date "2018.09.05"]
[Round "6"]
[White "Perunovic, Milos"]
[Black "Stojanovic, Dalibor"]
[Result "1/2-1/2"]
[WhiteElo "2601"]
[BlackElo "2492"]
[Annotator "TA"]
[PlyCount "27"]
[EventDate "2018.08.31"]
[EventType "team-tourn"]
[EventCountry "SRB"]
[SourceTitle "playchess.com"]
[Source "ChessBase"]
[SourceQuality "1"]

{[%evp 15,27,21,32,16,46,40,36,35,43,27,26,19,39,26]} 1. e4 e5 2. Nf3 Nf6 3. Nc3 Bb4 4. Nxe5 O-O 5. Nd3 Bxc3 6. dxc3 Nxe4 7. Be2 d6 8. O-O Nd7 {LiveBook: 17 Games. C42: Petroff Defence: 3 Nxe5 and unusual White 3rd moves} 9. Be3 (9. Re1 {is more complex.} Re8 10. Bf3 Ndf6 11. c4 Bf5 12. b3) (9. Bf3 Ndf6 10. c4 Re8 11. Be3 h6 12. Re1 Bf5 13. Nf4 c6 14. Bd4 Qd7 15. h3 Re7 16. Bxe4 Nxe4 {½-½ (58) Amonatov,F (2620)-Li,C (2720) Doha 2016}) 9... Ndc5 $146 ({Predecessor:} 9... Re8 10. Re1 a5 11. Nf4 Nec5 12. Qd2 Ne5 13. Rad1 Ne4 14. Qc1 Bd7 15. f3 Nf6 16. c4 {1-0 (59) Ma,Q (2609)-Xu,Y (2356) China 2015}) 10. Nxc5 Nxc5 11. Re1 b6 12. Bf1 Bb7 13. f3 Re8 14. Qd2 1/2-1/2

[Event "SRB-chT 1st League Men 2018"]
[Site "Valjevo"]
[Date "2018.09.05"]
[Round "6"]
[White "Vuckovic, Bojan"]
[Black "Savic, Miodrag R"]
[Result "1/2-1/2"]
[WhiteElo "2588"]
[BlackElo "2506"]
[Annotator "TA"]
[PlyCount "100"]
[EventDate "2018.08.31"]
[EventType "team-tourn"]
[EventCountry "SRB"]
[SourceTitle "playchess.com"]
[Source "ChessBase"]
[SourceQuality "1"]

{[%evp 18,100,61,60,73,72,69,40,47,40,48,48,55,49,44,29,30,28,79,62,102,84,131,53,67,0,4,0,0,0,0,0,0,0,18,14,7,0,0,0,0,0,0,0,0,0,31,31,31,16,60,66,58,0,66,0,65,7,19,0,12,0,6,6,10,7,10,0,0,0,0,0,0,0,0,0,31,21,21,0,0,0,38,0,4]} 1. e4 d5 2. exd5 Qxd5 3. Nc3 Qa5 4. d4 c6 5. Bc4 Bf5 6. Nf3 e6 7. Bd2 Nf6 8. Nd5 Qd8 9. Nxf6+ gxf6 10. O-O {LiveBook: 20 Partien. B01: Skandinavische Verteidigung} Bg7 (10... Nd7 11. Re1 Nb6 12. Bf1 Bg7 13. Nh4 Bg6 14. c3 O-O 15. g3 Rc8 16. a4 Re8 17. Qb3 Rc7 18. Bg2 Rd7 19. a5 Nd5 20. c4 Ne7 {½-½ (20) Gharamian,T (2660)-Bauer,C (2625) Germany 2016}) 11. Re1 $146 ({Vorgänger:} 11. Nh4 Bg6 12. c3 Nd7 13. Re1 f5 14. g3 Nf6 15. Qb3 Qd7 16. Ng2 b5 17. Bf1 O-O {1-0 (51) Bok,B (2430)-Luncescu,C (2131) Maastricht 2010}) 11... O-O 12. Bf4 {Weiß steht etwas besser.} Bg6 13. c3 Nd7 14. Qd2 Re8 15. Bh6 Qc7 16. h3 Rad8 17. Nh2 Bh8 (17... c5 $11) 18. Rad1 Nb6 19. Be2 c5 {[#]} 20. Bb5 (20. h4 $1 $16) 20... Re7 $14 21. Bf4 (21. h4 $1 $14) 21... e5 $36 {[%mdl 2048] Schwarz kämpft um Vorteil.} 22. Qe2 a6 23. Bd3 $1 cxd4 24. Bxg6 hxg6 25. cxd4 $1 Qc4 26. Qxc4 Nxc4 27. b3 Red7 28. bxc4 {[#] Lg3 ist eine echte Drohung.} exf4 29. Nf3 f5 {[%cal Rh8d4]} 30. Rd2 Bf6 31. h4 Rd6 {[%cal Rf6d4]} 32. c5 Rd5 33. Kf1 Kf8 ({Nicht} 33... Bxd4 $2 34. Red1 $18) 34. Rb1 R8d7 35. Rbd1 (35. Ke2 $14) 35... Ke8 ({Günstiger ist} 35... b6 $11) 36. Ke2 (36. a4 $14) 36... Kd8 (36... b6 $1 $11) 37. Rd3 (37. Rc2 $14) 37... Kc7 38. Kd2 Re7 ({Schlechter ist} 38... Bxd4 39. Ke2 $18) 39. Kc2 b6 40. cxb6+ Kxb6 41. Rb3+ Ka7 42. Rb4 Rc7+ 43. Kd3 Ra5 44. Rd2 Ra3+ 45. Rb3 Ra4 46. Rc3 Rd7 {[%cal Rf6d4]} 47. Rc4 Ra3+ 48. Rc3 Ra4 {[%cal Rf6d4]} 49. Rc4 Ra3+ 50. Rc3 Ra4 {Precision: Weiß = 44%, Schwarz = 53%.} 1/2-1/2

[Event "SRB-chT 1st League Men 2018"]
[Site "Valjevo"]
[Date "2018.09.05"]
[Round "6"]
[White "Sedlak, Nikola"]
[Black "Milanovic, Danilo"]
[Result "1-0"]
[WhiteElo "2587"]
[BlackElo "2469"]
[Annotator "TA"]
[PlyCount "27"]
[EventDate "2018.08.31"]
[EventType "team-tourn"]
[EventCountry "SRB"]
[SourceTitle "playchess.com"]
[Source "ChessBase"]
[SourceQuality "1"]

{[%evp 9,27,26,40,34,41,44,37,35,37,35,29,36,59,35,41,32,32,37,55,33]} 1. d4 Nf6 2. Nf3 c5 3. d5 b5 4. c3 (4. Bg5 Qb6 5. Bxf6 Qxf6 6. c3 Qb6 7. e4 g6 8. a4 b4 9. Nbd2 Bg7 10. a5 Qb7 11. Qc2 O-O 12. Bc4 d6 13. O-O Nd7 14. Rfe1 {0-1 (99) Gelfand,B (2695)-Svidler,P (2760) Moscow 2018}) 4... g6 5. e4 Nxe4 6. Bxb5 {A43: Schmid Benoni} Bg7 7. O-O O-O $146 ({Predecessor:} 7... Nd6 8. Bd3 O-O 9. Re1 Bb7 10. Bg5 Re8 11. Na3 f6 {½-½ (79) Schleining,Z (2382)-Fuchs,J (2286) Stary Smokovec 2018}) 8. Re1 Nf6 9. c4 d6 10. Nc3 Nbd7 {White is slightly better.} 11. Bg5 Nb6 12. Bc6 Rb8 13. b3 h6 14. Bd2 1-0

[Event "SRB-chT 1st League Men 2018"]
[Site "Valjevo"]
[Date "2018.09.05"]
[Round "6"]
[White "Indjic, Aleksandar"]
[Black "Pavlovic, Milos"]
[Result "1-0"]
[WhiteElo "2585"]
[BlackElo "2482"]
[Annotator "TA"]
[PlyCount "118"]
[EventDate "2018.08.31"]
[EventType "team-tourn"]
[EventCountry "SRB"]
[SourceTitle "playchess.com"]
[Source "ChessBase"]
[SourceQuality "1"]

{[%evp 22,118,16,27,9,0,8,13,31,24,43,0,49,0,8,0,0,0,22,18,22,0,0,0,0,-32,-20,-12,-7,-17,0,-35,-31,-61,-52,-54,-25,-175,-168,-176,-139,-162,-159,-200,-164,-234,-108,-103,-79,-87,-115,-129,-112,-110,-61,-147,-112,-114,-114,-141,-152,-118,-87,-103,-103,-138,-122,-146,-158,-200,-183,-208,-222,-203,-104,-158,-152,-145,0,0,136,-547,-522,-689,-296,-1650,-953,-930,-930,-917,-890,-877,137,137,137,138,137,137,137]} 1. d4 d5 2. c4 e6 3. Nc3 Be7 4. Nf3 Nf6 5. Bg5 h6 6. Bh4 O-O 7. e3 b6 8. Bd3 Bb7 9. O-O Nbd7 10. Qe2 c5 11. Bg3 {D58: Queen's Gambit Declined: Tartakower Defence} (11. Rfd1 cxd4 12. Nxd4 Nc5 13. Bxf6 Bxf6 14. cxd5 Bxd4 15. exd4 Nxd3 16. Qxd3 Bxd5 17. Re1 Rc8 18. Rad1 Rc7 19. Qg3 Rd7 {0-1 (62) Salem,A (2638)-Carlsen,M (2837) Riadh 2017}) 11... a6 12. cxd5 {LiveBook: 3 Games} exd5 13. dxc5 {The position is equal.} bxc5 14. Rfd1 Qb6 $146 ({Predecessor:} 14... Re8 15. Bf5 Nb6 16. Rac1 g6 17. Bd3 Nh5 18. Qc2 Bf6 {½-½ (41) Hjelm,N (2315)-Sjodin,B (2175) Sweden 1998}) 15. Rac1 Rfd8 16. Bb1 Nf8 17. Be5 Qe6 18. Bc7 Rdc8 19. Bg3 Rd8 20. Na4 Ne4 21. Bc7 Rdc8 22. Ba5 Nd7 23. a3 Bc6 24. Nc3 Ndf6 25. Nxe4 Nxe4 26. Qc2 Rab8 27. Bc3 g6 28. Be5 Rb6 29. Bf4 (29. b4 $11 {and White has nothing to worry.}) 29... Bf6 $19 30. b3 Kg7 31. h3 a5 32. Re1 Bb7 {Hoping for ...a4!} 33. Nd2 {[#]} (33. a4 {was necessary.}) 33... Nc3 ({But not} 33... Nxd2 34. Qxd2 Rxb3 35. e4 $17) (33... c4 $1 $19 {[%cal Rc4b3][%mdl 512] is more deadly. Threatens to win with ...cxb3.} 34. Nxe4 (34. bxc4 Rb2) 34... cxb3 35. Qxc8 Bxc8 36. Nxf6 Kxf6 37. Bxh6 b2) 34. e4 $17 {aiming for e5.} Nxe4 35. Nxe4 dxe4 36. Qd2 g5 37. Be3 Qxb3 38. h4 ({White should play} 38. Bxc5 $15 Qb2 39. Qxb2 Bxb2 40. Bxe4) 38... Qd5 39. Qxa5 Ra6 $36 {[%mdl 2048] Black is really pushing.} 40. Qb5 c4 41. Qb4 Qc6 42. Bc2 Ba8 43. Rb1 Rd8 44. a4 gxh4 45. Red1 {[#]} Rd3 $1 46. Qe1 (46. Bxd3 exd3) 46... Qe6 47. Qe2 Bc6 ({Better is} 47... Qf5 $19 48. Rb5 Bd5) 48. Bxd3 (48. Rb4 $142) 48... exd3 49. Qh5 {Black must now prevent Re1.} Be5 (49... Bd8 $17 50. Rb8 Ra5 51. Bxh6+ Qxh6 52. Qxh6+ Kxh6 53. Rxd8 Rg5) 50. Re1 $11 {And now Bf4! would win.} Ra5 {[#]} (50... Bxa4 $2 51. Bd4 $1 $18 {[%mdl 512]}) (50... Rxa4 $2 51. Bf4 $1 $18 {[%mdl 512]}) (50... Qd6 $1 $11 {keeps the balance.}) 51. Qxh4 $2 {[%mdl 8192]} (51. Bf4 $1 $16 {[%mdl 512] is necessary to keep the advantage.} Bxf4 52. Rxe6 Rxh5 53. Rxc6) 51... Qg6 {[%csl Gc6][%cal Rg6g2]} 52. g3 c3 (52... Bf6 $142 53. Bd4 (53. Qxc4 $2 Bd5 $19) 53... d2) 53. Bd4 $2 (53. Rb6 d2 54. Bxh6+ Qxh6 55. Qxh6+ Kxh6 56. Rxc6+ Kg7 57. Rd1) 53... Bf6 54. Rb6 {[#]} Rc5 $1 {[%mdl 512]} 55. Qf4 (55. Bxc5 d2) 55... d2 56. Rf1 Rd5 $2 (56... Rf5 $19 57. Qd6 Bd5 58. Bxc3 Bxc3 59. Qxg6+ fxg6) 57. Qxf6+ {White is clearly better.} Qxf6 58. Bxf6+ Kxf6 59. Rxc6+ Ke5 {Precision: White = 33%, Black = 46%.} 1-0

[Event "SRB-chT 1st League Men 2018"]
[Site "Valjevo"]
[Date "2018.09.05"]
[Round "6"]
[White "Miladinovic, Igor"]
[Black "Markus, Robert"]
[Result "1/2-1/2"]
[WhiteElo "2545"]
[BlackElo "2613"]
[Annotator "TA"]
[PlyCount "28"]
[EventDate "2018.08.31"]
[EventType "team-tourn"]
[EventCountry "SRB"]
[SourceTitle "playchess.com"]
[Source "ChessBase"]
[SourceQuality "1"]

{[%evp 10,28,-2,-13,0,-27,0,0,6,2,4,8,16,12,9,9,17,10,8,0,0]} 1. d4 Nf6 2. Bg5 c5 3. dxc5 e6 4. Nd2 Bxc5 5. e3 Be7 6. Ngf3 {LiveBook: 15 Partien. A45: Damenbauernspiele (Trompowski-Angriff)} Nc6 7. a3 (7. Bd3 b6 8. c3 Bb7 9. a4 O-O 10. Qe2 Qc7 11. Bxf6 Bxf6 12. h4 Ne5 13. Nxe5 Qxe5 14. Nf3 Bxf3 15. Qxf3 Rac8 {½-½ (15) Miladinovic,I (2535)-Markus,R (2650) Ruma 2017}) 7... b6 $146 ({Vorgänger:} 7... O-O 8. Bd3 d5 9. c4 h6 10. Bh4 d4 11. e4 Nd7 12. Bxe7 Qxe7 {0-1 (40) Brandics,J (2335)-Borocz,I (2225) Hungary 1992}) 8. Bd3 {Die Stellung ist ausgeglichen.} Bb7 9. Qe2 Qc7 10. c3 Nd5 11. Bxe7 Ncxe7 12. Rc1 Nf6 13. O-O O-O 14. Rfd1 Rfd8 1/2-1/2

[Event "SRB-chT 1st League Men 2018"]
[Site "Valjevo"]
[Date "2018.09.05"]
[Round "6"]
[White "Stojanovic, Mihajlo"]
[Black "Drazic, Sinisa"]
[Result "1/2-1/2"]
[WhiteElo "2498"]
[BlackElo "2401"]
[Annotator "TA"]
[PlyCount "110"]
[EventDate "2018.08.31"]
[EventType "team-tourn"]
[EventCountry "SRB"]
[SourceTitle "playchess.com"]
[Source "ChessBase"]
[SourceQuality "1"]

{[%evp 33,110,12,22,4,9,2,2,3,8,8,22,9,24,15,15,20,48,27,35,24,42,18,35,23,16,6,4,0,0,-84,0,0,0,0,0,0,0,0,0,0,0,0,0,0,0,0,0,0,0,0,0,0,0,0,0,0,0,0,0,0,0,0,0,0,0,0,0,0,0,0,0,0,0,0,0,0,0,0,0]} 1. Nf3 Nf6 2. c4 e6 3. Nc3 c5 4. d4 cxd4 5. Nxd4 Nc6 6. Ndb5 d5 7. Bf4 e5 8. cxd5 exf4 9. dxc6 bxc6 10. Qxd8+ Kxd8 11. Rd1+ Bd7 12. Nd6 Bxd6 13. Rxd6 Rb8 14. Rd2 {A33: Symmetrical English: 2 Nf3 Nf6 3 d4 cxd4 4 Nxd4 e6 5 Nc3 Nc6} Re8 15. g3 f3 16. Kd1 fxe2+ 17. Bxe2 Kc7 {[#] LiveBook: 14 Games} 18. Bf3 $146 ({Predecessor:} 18. Bc4 Be6 19. Bxe6 Rxe6 20. Re1 Rbe8 21. Rxe6 Rxe6 {½-½ (30) Skoberne,J (2541)-Sebenik,M (2549) Maribor 2017}) 18... h5 19. h4 Bg4 20. Bxg4 Nxg4 21. Re1 Ne5 22. Re4 a5 23. Rde2 Red8+ 24. Kc2 Nf3 {Threatening ...Nd4+.} 25. Re7+ Rd7 $1 26. Rxd7+ Kxd7 $14 {[%mdl 4096] Endgame KRN-KRN} 27. Re4 c5 28. b3 Rb4 29. Kd3 Kd6 30. Ke3 Ne5 31. Rf4 {[#]} (31. f3 $11) 31... Ke6 (31... Ng4+ $1 $17 32. Ke2 Rxf4 33. gxf4 {[#]} c4 $1 {[%mdl 512]}) 32. Ne2 $11 {The position is equal.} c4 33. Re4 {Hoping for f4.} cxb3 34. Rxb4 axb4 35. axb3 {KN-KN} Ng4+ 36. Kf3 g6 37. Nf4+ Kd6 38. Ke2 Ne5 39. Ke3 Nc6 40. Ke4 Na5 41. Nd3 Nxb3 {White must now prevent ...Nc5+.} 42. Nxb4 Nc5+ 43. Ke3 Ke5 44. Nd3+ Nxd3 45. Kxd3 {K3P-K3P} Kf5 46. f3 $1 {[%cal Bf2f3,Bf3f4][%mdl 32]} Ke5 47. Ke3 f6 48. g4 f5 49. gxh5 gxh5 {KPP-KPP} 50. f4+ $1 Kd5 51. Kd3 $1 Kc5 $1 {[%cal Rc5d5] Strongly threatening ...Kd5.} 52. Kc3 $1 Kd5 53. Kd3 Kc5 $1 {[%cal Rc5d5] aiming for ...Kd5.} 54. Kc3 $1 Kd5 {( -> ...Ke4)} 55. Kd3 Kc5 $1 {Precision: White = 79%, Black = 71%.} 1/2-1/2

[Event "SRB-chT 1st League Men 2018"]
[Site "Valjevo"]
[Date "2018.09.05"]
[Round "6"]
[White "Mastrovasilis, Athanasios"]
[Black "Svetushkin, Dmitry"]
[Result "1/2-1/2"]
[WhiteElo "2496"]
[BlackElo "2580"]
[Annotator "TA"]
[PlyCount "39"]
[EventDate "2018.08.31"]
[EventType "team-tourn"]
[EventCountry "SRB"]
[SourceTitle "playchess.com"]
[Source "ChessBase"]
[SourceQuality "1"]

{[%evp 30,39,0,0,0,0,0,0,0,0,0,0]} 1. d4 Nf6 2. c4 e6 3. Nc3 Bb4 4. e3 O-O 5. Bd3 c5 6. Nf3 cxd4 7. exd4 d5 8. O-O dxc4 9. Bxc4 b6 10. Bg5 Bb7 11. Ne5 Nbd7 {E54: Nimzoindisch (Moderne Variante)} 12. Nxd7 Qxd7 13. Bxf6 gxf6 14. d5 Bxc3 15. bxc3 Bxd5 16. Qg4+ {LiveBook: 23 Partien. Die Stellung ist ausgeglichen.} Kh8 {[#] ...Tg8 ist eine echte Drohung.} 17. Qh4 Bxc4 18. Qxf6+ Kg8 {[#]} 19. Qg5+ $146 Kh8 20. Qf6+ 1/2-1/2

[Event "SRB-chT 1st League Men 2018"]
[Site "Valjevo"]
[Date "2018.09.05"]
[Round "6"]
[White "Kovacevic, Aleksandar"]
[Black "Kosic, Dragan"]
[Result "1/2-1/2"]
[WhiteElo "2483"]
[BlackElo "2465"]
[Annotator "TA"]
[PlyCount "41"]
[EventDate "2018.08.31"]
[EventType "team-tourn"]
[EventCountry "SRB"]
[SourceTitle "playchess.com"]
[Source "ChessBase"]
[SourceQuality "1"]

{[%evp 24,41,31,23,33,32,27,30,15,31,33,39,36,30,30,21,35,30,21,27]} 1. e4 e6 2. d4 d5 3. Nd2 c5 4. exd5 exd5 5. Ngf3 Nf6 6. Bb5+ Bd7 7. Bxd7+ Nbxd7 {[%cal Bb8d7,Bd7c5,Bc5e4][%mdl 32]} 8. O-O Be7 9. dxc5 Nxc5 10. Re1 O-O 11. Nf1 Nce4 12. Be3 Re8 13. Bd4 {LiveBook: 18 Games. C08: French Tarrasch: 3...c5 4 exd5 exd5 sidelines} Bc5 (13... a6 14. Ne3 Bf8 15. c3 g6 16. Ne5 Bg7 17. Qf3 Qc7 18. Nxd5 Nxd5 19. Qxe4 Rad8 20. c4 Nb4 21. f4 f6 {0-1 (41) Ni,H (2710)-Socko,B (2631) Beijing 2008}) 14. Bxc5 Nxc5 15. Rxe8+ {White has an edge.} Qxe8 16. Ne3 Qe4 $146 ({Predecessor:} 16... Qb5 17. Qd4 Ne6 18. Qe5 Qb4 19. Re1 d4 20. Nf5 Qxb2 21. Nh6+ gxh6 22. Qxf6 Qb6 23. Qxh6 Ng7 24. Qg5 Rc8 25. h4 Qg6 26. Qd5 Qxc2 27. Qd6 Qxa2 {½-½ (27) Petrov,M (2431)-Pang,T (2192) Tarvisio 2017}) 17. Qd2 Ne6 18. Rd1 Rd8 19. Qa5 h6 {Black wants to play ...d4.} 20. c3 ({Don't play} 20. Qxa7 d4 $17) 20... a6 21. Nd4 1/2-1/2